| Tag |
First Indicator |
Second Indicator |
Subfields |
| LEADER |
00000nam a2200000Ia 4500 |
| 001 |
in00004340321 |
| 005 |
20200812094832.0 |
| 006 |
m g d |
| 007 |
cr bn |||a|bb| |
| 008 |
111206s1648 enk o 000 0 eng d |
| 040 |
|
|
|a UMI
|c UMI
|e dcrb
|
| 035 |
|
|
|a (OCoLC)767615094
|
| 037 |
|
|
|a CL0037000137
|b ProQuest, 789 E. Eisenhower Parkway, Ann Arbor, MI 48108-3218
|
| 043 |
|
|
|a e-uk-st
|
| 045 |
0 |
|
|b d1648
|
| 090 |
|
|
|a DA412 1648
|b .C487
|
| 049 |
|
|
|a UMIA
|
| 110 |
2 |
|
|a Church of Scotland.
|b General Assembly.
|b Commission.
|
| 245 |
1 |
4 |
|a The humble representation of the Commissioners of the Generall Assembly to the honorable estates of Parliament; upon their declaration lately communicated to us. /
|c subscribitur, A. Ker.
|
| 246 |
1 |
|
|i At head of title:
|a Edinb. 28. April 1648. post meridiem
|
| 260 |
|
|
|a London, :
|b Printed for John Dallom dwelling in Black-friers.,
|c 1648.
|
| 300 |
|
|
|a 1 online resource (24 pages)
|
| 336 |
|
|
|a text
|b txt
|2 rdacontent
|
| 337 |
|
|
|a computer
|b c
|2 rdamedia
|
| 338 |
|
|
|a online resource
|b cr
|2 rdacarrier
|
| 500 |
|
|
|a Reproduction of original in: Edinburgh University Library.
|
| 510 |
4 |
|
|a Wing (2nd edition, 1994),
|c C4229AD variant
|
| 533 |
|
|
|a Electronic reproduction.
|b Ann Arbor, Mich. :
|c UMI,
|d 1999-
|f (Early English books online)
|n Digital version of: (Early English Books, 1641-1700 ; 3016:6)
|7 s1999 miun s
|
| 651 |
|
0 |
|a Great Britain
|x Politics and government
|y 1642-1649
|v Early works to 1800.
|
| 610 |
2 |
0 |
|a Church of Scotland
|x Doctrines
|y 17th century
|v Early works to 1800.
|
| 630 |
0 |
0 |
|a Solemn League and Covenant
|d (1643)
|v Early works to 1800.
|
| 700 |
1 |
|
|a Ker, A.
|
| 830 |
|
0 |
|a Early English books online.
|
| 856 |
4 |
0 |
|u http://proxy.library.tamu.edu/login?url=https://search.proquest.com/docview/2240865702
|z Connect to the full text of this electronic book
|t 0
|
| 994 |
|
|
|a 02
|b UMI
|
| 999 |
f |
f |
|s 43a0d5b2-2e8d-3e85-9d65-86515aeae62a
|i 491e9c94-0504-3bb6-b0e0-039150402cf7
|t 0
|
| 952 |
f |
f |
|a Texas A&M University
|b College Station
|c Electronic Resources
|d Available Online
|t 0
|e DA412 1648 .C487
|h Library of Congress classification
|
| 998 |
f |
f |
|a DA412 1648 .C487
|t 0
|l Available Online
|